Vista normal
Vista MARC
Entrada Personal Name
Número de registros utilizados en: 2
001 - CONTROL NUMBER
- control field: 1142
003 - CONTROL NUMBER IDENTIFIER
- control field: OSt
005 - DATE AND TIME OF LATEST TRANSACTION
- control field: 20110823132544.0
008 - FIXED-LENGTH DATA ELEMENTS
- fixed length control field: 110823|||a|||||| | ||| d
040 ## - CATALOGING SOURCE
- Original cataloging agency: OSt
- Transcribing agency: OSt
100 ## - HEADING--PERSONAL NAME
- Personal name: Petrucci, Ralph H.
670 ## - SOURCE DATA FOUND
- Source citation: Work cat.: (OSt)433: Petrucci, Ralph H., Química General. 1 Enlace químico y estructura de la materia, 2003.